| 000 | 00584nam a2200181 4500 | ||
|---|---|---|---|
| 001 | VA20274 | ||
| 003 | ES-SlBCS | ||
| 005 | 20210601153656.0 | ||
| 008 | 140520s1970 xxu||||| |||| 00| 0 spa d | ||
| 041 | _aspa | ||
| 100 | 1 |
_aCullmann, Oscar _911288 |
|
| 245 | 1 | 0 |
_aLa inmortalidad del alma o la resurrección de los cuerpos _b:El testimonio del Nuevo Testamento _cOscar Cullmann; Eloy Requena |
| 260 |
_aMadrid : _bStudium _c, 1970 |
||
| 300 |
_a75 p.; _c18 cm |
||
| 650 |
_aInmortalidad del Alma-Resurrección de los Cuerpos _9361173 |
||
| 700 | 1 | 0 |
_aRequena, Eloy _994473 |
| 942 | _cBK | ||
| 999 |
_c794455 _d794455 |
||